| 000 | 00557nam a2200181Ia 4500 | ||
|---|---|---|---|
| 005 | 20250508162458.0 | ||
| 008 | 008 250505s9999 xx 000 0 eng d | ||
| 037 | _aTextual | ||
| 040 |
_aFEDL _beng _cFEDL |
||
| 041 |
_aeng _2eng |
||
| 084 |
_a371.8, HAR _qFEDL |
||
| 100 | _aHaridwar Singh | ||
| 245 | 0 | _aDemocartic orientation of students in India : A study in political sociatization | |
| 260 |
_aNew Delhi, India _bConcept Publishing Company _c1983 |
||
| 300 | _axi,150p. | ||
| 942 |
_cTEXL _h371.8, HAR |
||
| 999 |
_c1376811 _d1376811 |
||